Регионална библиотека "Любен Каравелов" - Русе

Съвременната система на изкуствата (Запис номер 196013)

MARC детайли
000 -Лидер
Контролно поле с фиксирана дължина 02417nam a2200433 a 4500
003 - Код на организацията, давaща контролен номер
Контролно поле BLK
005 - Дата и час на последна редакция
Контролно поле 20240611153611.0
008 - Елементи от данни с фиксирана дължина
fixed length control field 180411b bul|||||r ||||||| ||bul||
010 ## - Наследен системен номер
LC control number KNG00205268000
020 ## - Международен стандартен номер на книга ISBN
Международен стандартен номер на книга ISBN 978-619-90613-1-2
040 ## - Източник на каталожния запис
Идентификатор на билиотеката - собственик на записа BLK
041 ## - Код за език
Код за езика на текст/звукозапис или на отделно заглавие Български
Код за езика КДБФ Български
080 ## - УДК
Текстов определител УДК Обща теория на изкуството. Естетика на изкуството
УДК код - определител по УДК 7.01
УДК - код + определител 7.01
080 ## - УДК
Текстов определител УДК Литературна естетика. Философия на литературата
УДК код - определител по УДК 82.01
УДК - код + определител 82.01
080 ## - УДК
Текстов определител УДК Естетика
УДК код - определител по УДК 18
УДК - код + определител 18
100 1# - Редна дума - Автор
Автор Кристелер, Паул Оскар
Авторска отговорност първи автор
R(LIN) 84248
139 ## - Редно поле
Редна дума Кристелер, Паул Оскар
Авторски знак Кре - К 90
245 10 - Сведения за заглавието
Заглавие Съвременната система на изкуствата
Подзаглавни данни Изследване по история на естет. мисъл от Античността до Кант
Редно поле (дума) Паул Оскар Кристелер; прев. от англ. Димана Стоянова Илиева; Тодор Тодоров Петев.
250 ## - Област на изданието
Сведения за изданието 2. изд.
257 ## - Страна на издаване
Страна на създаване/издаване Германия
260 ## - Област на издателските данни
Име на издателя, разпространителя и проч. Фонд. Моят музей
Година на издаване 2016
Печатница София : Симолини
Място на издаване, разпространение и проч. София
300 ## - Физическа характеристика
Страници 147 с.
Размери/Мащаб 21 см
380 ## - Жанр
Жанр Изкуство
490 ## - СЕРИИ (Колекции)
Име на серия Философска библиотека
500 ## - Общи забележки
Забележка 1. изд. 2009 на изд. Св. Иван Рилски в Семинар - 333 : Философска библиотека ; № 9. - Без сведение за ориг. загл. ; Прев. от англ. изд. - Биогр. данни за авт. отбелязани на гърба на кор. - Библиография на Паул Оскар Кристелер / Тодор Т. Петев: с. 142-144.
650 #4 - Допълнително описание по предмет – тема
Основно описание – тема или топоним Изкуство - теория
9 (RLIN) 264929
650 #4 - Допълнително описание по предмет – тема
Основно описание – тема или топоним Естетика - история
9 (RLIN) 287886
653 ## - Ключова дума – ненормативна
Ключова дума изкуство
653 ## - Ключова дума – ненормативна
Ключова дума естетика
700 ## - Други автори (авторска отговорност)
Лично име Илиева, Димана Стоянова
Дати, свързани с автора 1971 -
Друга информация Преводач от/на английски език.
9 (RLIN) 376743
700 1# - Други автори (авторска отговорност)
Лично име Петев, Тодор Тодоров
Дати, свързани с автора 1970 -
Друга информация Изкуствовед, философ.
9 (RLIN) 108699
852 ## - Местоположение
Форматна сигнатура Цб 285255
Фондова буква Хранилище
856 4# - Електронен адрес и достъп
Електронен формат pdf - файл
856 4# - Електронен адрес и достъп
Електронен формат pdf - файл
942 ## - АРТИКУЛИ
Вид на библиотечния материал Книги
Скрит в OPAC Не
Koha issues (borrowed), all copies 1
944 ## - СЪЗДАВАНЕ И РЕДАКЦИЯ на ЗАПИСА
Създаване/Редакция Създаване
Дата на регистрацията/редакция 20.04.2017
Статус, дата на статуса Геновева Генчева
Служител, извършил регистрацията/редакцията 30560
944 ## - СЪЗДАВАНЕ И РЕДАКЦИЯ на ЗАПИСА
Създаване/Редакция Редакция
Дата на регистрацията/редакция 15.09.2017
Статус, дата на статуса ф /
Служител, извършил регистрацията/редакцията Людмила_Стоянова
999 ## - СИСТЕМНИ КОНТРОЛНИ НОМЕРА
Koha biblionumber 196013
Koha biblioitemnumber 196013
999 ## - СИСТЕМНИ КОНТРОЛНИ НОМЕРА
Koha biblioitemnumber 196013
Наличности
Код за отписване Код за изгубен артикул Код за повреда Коз за рестрикции Код за отдаване Артикулен № Име на библиотеката - собственик Име на библиотеката, в която се намира в момента Статус (Текущо местоположение) Дата на вписване в системата Местоположение - отдел Цена в лева Инвентарен номер Систематично азбучна сигнатура Баркод Номер на екземпляра Цена в евро Служебна бележка Служебен тип на артикула Източник на класификационната схема
  Не е изгубен Не е повреден без рестрикции ползва се в читалня 342024 Регионална библиотека "Любен Каравелов" Русе Регионална библиотека "Любен Каравелов" Русе Хранилище 2017-04-21 Хранилище 9.00 120000810112 Цб 285255 120000810112 1 4.60 Дост: Dp Вид: Д N: 12 Дата: 02.03.2017 Книги  
  Не е изгубен Не е повреден без рестрикции заемане за дома 342025 Регионална библиотека "Любен Каравелов" Русе Регионална библиотека "Любен Каравелов" Русе Отдел Изкуство - подръчен фонд 2017-08-19 Отдел Изкуство - подръчен фонд 9.00 120000814343 7.01/К 90 120000814343 2 4.60 Дост: DA Вид: А N: 33 Дата: 19.08.2017 Книги Universal Decimal Classification
Vip Innovations Ltd, Rousse, Bulgaria 2025